000 00747nam a22002055i 4500
001 161004
003 ES-MaACL
005 20250930063140.0
008 980128s1887 sp |||| | spa d
040 _aNA
_bspa
_cNA
100 1 _aOlóriz, Hermilio de,
_d1854-1919
_9130650
245 1 0 _aResumen histórico del antiguo Reino de Navarra /
_cpor Hermilio de Olóriz.
260 _aPamplona [Palacio de la Diputación] :
_b[s.n.],
_c1887 (
_fImprenta Provincial á cargo de V. Cantera)
300 _a163 p. ;
_c21 cm.
510 4 _aPérez Goyena,
_c7057
596 1 _aDirección tomada de "La imprenta en Navarra" (1974), p. 255.
597 1 _aSignaturizado.
852 _aES-MaACL
_jG-2661
_z-- Enc. hol.
999 _c161004
_d161004